书目信息 |
| 题名: |
高等摄影教程
|
|
| 作者: | 兰福德 著 ;李之聪 译 | |
| 分册: | ||
| 出版信息: | 北京 中国摄影出版社 1999 |
|
| 页数: | 300页 | |
| 开本: | 26cm | |
| 丛书名: | ||
| 单 册: | ||
| 中图分类: | J40 | |
| 科图分类: | ||
| 主题词: | 摄影艺术--艺术理论 | |
| 电子资源: | ||
| ISBN: | 7-80007-273-8 | |
| 000 | 00682nam0 2200217 45 | |
| 001 | 0306170803 | |
| 005 | 20031219104111.2 | |
| 010 | @a7-80007-273-8@dCNY45.00 | |
| 100 | @a20030617d1999 km y0chiy0120 ea | |
| 101 | 0 | @achi@ceng |
| 105 | @af z 000yy | |
| 200 | 1 | @a高等摄影教程@AGao Deng She Ying Jiao Cheng@f(英)兰福德(Langford,M.)著@F(Ying)Lan Fu De(Langford,M.)Zhu@g李之聪等译 |
| 210 | @a北京@c中国摄影出版社@d1999 | |
| 215 | @a300页@c图@d26cm | |
| 300 | @a英国皇家摄影学院教材 | |
| 606 | 0 | @a摄影艺术@x艺术理论 |
| 690 | @aJ40@v4 | |
| 701 | 0 | @a兰福德@bLangford,M.@4著 |
| 702 | 0 | @a李之聪@ALi Zhi Cong@4译 |
| 801 | @aCN@bTSTC@c20030617 | |
| 905 | @b324232-236@dJ40@e153@f5 | |
| 高等摄影教程/(英)兰福德(Langford,M.)著/李之聪等译.-北京:中国摄影出版社,1999 |
| 300页:图;26cm |
| 英国皇家摄影学院教材 |
| ISBN 7-80007-273-8:CNY45.00 |
| ● |
| 相关链接 |
|
|
|
|
正题名:高等摄影教程
索取号:J40/153
 
预约/预借
| 序号 | 登录号 | 条形码 | 馆藏地/架位号 | 状态 | 备注 |
| 1 | 0324232 | 203242320 | 第一借阅区/ [索取号:J40/153] | 在馆 | |
| 2 | 0324233 | 203242339 | 第一借阅区/ [索取号:J40/153] | 在馆 | |
| 3 | 0324234 | 203242348 | 第一借阅区/ [索取号:J40/153] | 在馆 | |
| 4 | 0324235 | 203242357 | 第一借阅区/ [索取号:J40/153] | 在馆 | |
| 5 | 0324236 | 203242366 | 第一样本阅览室/ [索取号:J40/153] | 在馆 |